000 00385nam a2200145Ia 4500
008 100122s9999 xx 000 0 und d
082 _b45375
_a823.08
100 _aगोडबोले मंगला
245 _aसोबत
260 _bअर्चना प्रकाशन
_c1991
300 _a216
630 _aसोबत
730 _aसोबत
942 _cBOOK
999 _c424878
_d424875